| 000 | 00362nam a2200133Ia 4500 | ||
|---|---|---|---|
| 008 | 220204s9999 xx 000 0 und d | ||
| 082 |
_a577.3 _bBAS |
||
| 100 | _aBASAR, Erol | ||
| 245 | 0 | _aBiophysical and physiological systems analysis | |
| 260 |
_aLondon _bAddison Wesley _c1976 |
||
| 650 | _aBiophysical system | ||
| 650 | _aBrain neural network | ||
| 942 | _cBK | ||
| 999 |
_c25891 _d25891 |
||